Odkiaľ pochádza a k čomu slúži kapitál zajtrajška lokalizácia a zdroje ekonomickej sily suverénnych fondov

Suverénne fondy (SF) a ich bohatstvo. Geopolitické postavenie jednotlivých štátov a rozvojové stratégie krajín. Zdroje a sila suverénnych fondov. Ekonomická sila strategických odvetví svetového hospodárstva.

Salvato in:
Dettagli Bibliografici
Autore principale: Pauhofová, Iveta
Altri autori: Cmorej, Peter
Natura: Capitolo di libro
Lingua:slovacco
Soggetti:
Tags: Aggiungi Tag
Nessun Tag, puoi essere il primo ad aggiungerne!!

MARC

LEADER 00000naa a2200000 4500
001 0121717
005 20220725111528.0
041 0 |a slo 
044 |a SK 
245 1 0 |a Odkiaľ pochádza a k čomu slúži kapitál zajtrajška  |b lokalizácia a zdroje ekonomickej sily suverénnych fondov  |c Iveta Pauhofová, Peter Cmorej 
520 |a Suverénne fondy (SF) a ich bohatstvo. Geopolitické postavenie jednotlivých štátov a rozvojové stratégie krajín. Zdroje a sila suverénnych fondov. Ekonomická sila strategických odvetví svetového hospodárstva. 
610 2 0 |a hospodárstvo svetové 
610 2 0 |a kapitál finančný 
610 2 0 |a komodity 
610 2 0 |a krajiny tranzitívne 
610 2 0 |a krajiny vyspelé 
610 2 0 |a stratégia investičná 
610 2 0 |a nástroje finančné 
610 2 0 |a portfólio 
610 2 0 |a vzťahy hospodárske medzinárodné 
100 1 |a Pauhofová, Iveta 
700 1 |a Cmorej, Peter